OPAC | Catalogo Arcigay delle biblioteche LGBTQIA+

Il Catalogo di Arcigay delle Biblioteche LGBTQIA+ è un servizio fornito grazie alla collaborazione tra Arcigay nazionale e le associazioni locali aderenti al progetto che conservano e rendono pubbliche biblioteche a tema LGBTQIA+.

Karl Heinrich Ulrichs : (Record no. 421)

MARC details
000 -LEADER
campo di controllo lung. fissa 00864nam a2200265 i 4500
001 - Numero di controllo
campo di controllo IT\ICCU\RAV\1328596
003 - Identificatore del numero di controllo
campo di controllo ItRI
005 - Data e orario dell'ultima transazione
campo di controllo 20260216160201.0
008 - Elementi di lunghezza fissa--Informazione generale
campo di controllo lung. fissa 050502s2005 it |||||| ||||| |||||c
015 ## - Numero della bibliografia nazionale
Fonte IT
Numero della bibliografia nazionale 2006-6062
020 ## - ISBN (International Standard Book Number)
ISBN (International Standard Book Number) 8845702111
040 ## - Fonte della catalogazione
Lingua della catalogazione ita
Agenzia che fa la trascrizione Arcigay Verona
041 #7 - Codice di lingua
Codice di lingua del testo/traccia sonora o titolo separato ita
Fonte del codice ISO-639-2
100 1# - Accesso principale -- nome di persona
Nome di persona Kennedy, Hubert C.
Numero del record di authority o numero standard IT\ICCU\CFIV\004369
Relazione: aut
240 10 - Titolo uniforme
Titolo uniforme Karl Heinrich Ulrichs.
9 (RLIN) Kennedy, Hubert C.
245 10 - Formulazione del titolo
Titolo Karl Heinrich Ulrichs :
Complemento del titolo pioniere del moderno movimento gay /
Formulazione di responsabilità, ecc. Hubert Kennedy ; introduzione di Massimo Consoli.
246 13 - Varianti del titolo
Titolo proprio/titolo breve Ulrichs.
260 ## - Pubblicazione, distribuzione, ecc. (stampa)
Luogo di pubblicazione, distribuzione, ecc. Bolsena :
Nome dell'editore, distributore, ecc. Massari,
Data di pubblicazione, distribuzione, ecc. 2005
300 ## - Descrizione fisica
Estensione 383 p. :
Altre particolarità fisiche ill. ;
Dimensioni 17 cm
500 ## - Nota generale
Nota generale Trad. di Roberto Cruciani.
500 ## - Nota generale
Nota generale Tit. in cop.
650 #7 - Accesso aggiunto di soggetto--termine topico
Termine topico o nome geografico come accesso Ulrichs, Karl Heinrich
Fonte dell'intestazione o del termine scbi
830 #3 - Accesso aggiunto di serie--titolo uniforme
Titolo uniforme Il pensiero forte ;
Numero del volume/designazione di sequenza 19
Numero del record di authority o numero standard IT\ICCU\RAV\1328609
942 ## - Dati aggiuntivi (Koha)
Fonte della classificazione o dello schema di collocazione (segnatura) Classificazione decimale Dewey
Tipo copia default (Koha) Libri
Holdings
Status ritirato Status smarrito: Fonte della classificazione o dello schema di collocazione (segnatura) Status danneggiato: Escluso dal prestito Biblioteca di appartenenza Biblioteca corrente Data di acquisti Totale prestiti Collocazione Codice a barre Data ultima revisione Prezzo effettivo da Tipo copia default (Koha) Numero d'inventario Nota pubblica Data ultimo prestito
          BOLOGNA | Centro di Documentazione "Flavia Madaschi" Cassero LGBTQIA+ Center BOLOGNA | Centro di Documentazione "Flavia Madaschi" Cassero LGBTQIA+ Center 15/01/2026   DOC 305.906 KEN BO10043 15/01/2026 15/01/2026 Libri 10043 1 v.  
    Classificazione decimale Dewey     MILANO | Centro di documentazione Omologie (CIG Arcigay Milano) MILANO | Centro di documentazione Omologie (CIG Arcigay Milano) 14/10/2009   B-SSA03-KENHU-ULR11 CDOM5715 13/07/2025 13/07/2025 Libri 5715    
    Classificazione decimale Dewey   Escluso dal prestito ROMA | Archivio Massimo Consoli Gay Center ROMA | Archivio Massimo Consoli Gay Center 18/01/2024   306.766 KEN 11 18/01/2024 18/01/2024 Libri      
    Classificazione decimale Dewey     VERONA | Biblioteca Oberon - Pianeta Milk Verona LGBT* Center APS VERONA | Biblioteca Oberon - Pianeta Milk Verona LGBT* Center APS 28/01/2026 1 305.906 KEN ULR OBE-137 28/01/2026 28/01/2026 Libri 137   28/01/2026
Se cerchi informazioni su Arcigay, le puoi trovare nel nostro sito: www.arcigay.it